000 01447ngm a22002890a 4500
001 PT40541
003 AR-LpoUNG
005 20210201235903.0
007 vd cvaizq
008 191001s2003||||ag |||||||||||||||||spa d
040 _aAR-LpoUNG
_bspa
_cAR-LpoUNG
_eaacr
041 _aspa
_aeng
_apor
044 _aag
082 0 _a808.068.8 528din
100 1 _aLeighton, Eric
_edir.
245 1 0 _aDinosaurio
260 _aBuenos Aires :
_bWalt Disney,
_c2003.
300 _aDVD (82 min.) : son., col.
505 0 _aHecha en 2000. Doblada al español y portugués.
520 _aPrehistoria, hace 65 millones de años, al final del periodo cretáceo. Un iguanodonte de tres toneladas llamado Aladar se cría separado de los de su especie y crece en una isla paradisiaca al amparo de un clan de lémures. Cuando una devastadora lluvia de meteoritos provoca el caos en su pacífico mundo, Aladar pone rumbo a tierra firme y se une a un grupo de dinosaurios que buscan desesperadamente un lugar donde anidar en paz. Pero el agua y la comida empiezan a escasear, y los carnotaurios, sedientos de sangre fresca, representan un peligro constante. Es entonces cuando Aladar se ve obligado a desafiar el "orden establecido" y demuestra que saber adaptarse a cualquier situación es la mejor manera de sobrevivir.
653 _aDVD
653 _aVIDEOS
653 _aVIDEOS INFANTILES
710 2 _aWalt Disney
905 _a40541
942 _cDVD
999 _c53707
_d53707